01045 2200325 4500001002100000005001500021035002000036007000300056008004100059020002200100082001400122084001600136100002400152245013500176250003400311300004800345500001100393650003400404700003400438700003000472504003300502264003200535336002100567337003000588338002300618090002200641850001200663999002200675990002200697INLIS00000000090119920260107103803 a0010-0126000132ta260107s2025 yoia g 001 0 ind d a978-634-01-1534-504223a307.1 a307.1 ZUL m0 aZulfikarePengarang10aMetodologi pemberdayaan masyarakat dengan pendekatan transformasi teknologi sensor /cZulfikar, Mohammad Nasirudin, Tholib Hariono aCetakan Pertama: Oktober 2025 axii, 244 halaman :btabel, diagram ;c23 cm aIndeks 4aMasyarakat desa, Pengembangan0 aMohammad NasirudinePengarang0 aTholib HarionoePengarang aBibliografi: halaman 223-23631aSleman :bDeepublish,c2025 2rdacontentateks 2rdamediaatanpa perantara 2rdacarrieravolume aCB-D.11 2025-3906 aYOPDYOG aCB-D.11/2025-3906 aCB-D.11/2025-3906